|
|
|
|
| LEADER |
01238nam a2200289 a 4500 |
| 001 |
18208 |
| 003 |
BD-DhAAL |
| 008 |
090405s1995 enka b 001 0 eng d |
| 999 |
|
|
|c 212
|d 212
|
| 010 |
|
|
|a \\\95018639
|
| 020 |
|
|
|a 0133421716
|
| 040 |
|
|
|a DLC
|c DLC
|d DLC
|d BD-DhAAL
|
| 082 |
0 |
0 |
|a 621.382
|2 20
|
| 100 |
1 |
|
|a Prycker, Martin de,
|d 1955-
|9 41462
|
| 245 |
1 |
0 |
|a Asynchronous transfer mode :
|b solution for broadband ISDN /
|c Martin de Prycker.
|
| 260 |
|
|
|a London ;
|a New York :
|b Prentice Hall,
|c 1995.
|
| 300 |
|
|
|a 380 pages :
|b illustrations ;
|c 24 cm.
|
| 504 |
|
|
|a Includes bibliographical references and index.
|
| 541 |
1 |
|
|e 18208
|
| 650 |
|
0 |
|a Asynchronous transfer mode.
|9 41463
|
| 650 |
|
0 |
|a Broadband communication systems.
|9 41464
|
| 650 |
|
0 |
|a Integrated services digital networks.
|9 41465
|
| 650 |
|
0 |
|a Local area networks (Computer networks)
|9 41466
|
| 852 |
4 |
|
|a Ayesha Abed Library
|c General Stacks
|
| 942 |
|
|
|2 ddc
|c BK
|
| 952 |
|
|
|0 0
|1 0
|2 ddc
|4 0
|6 621_382000000000000_PRY_1995
|7 0
|9 194
|a BRACUL
|b BRACUL
|c GEN
|d 2009-04-29
|l 0
|o 621.382 PRY
|p 3010018208
|r 2009-04-29
|t 1
|w 2009-04-29
|y BK
|
| 952 |
|
|
|0 0
|1 0
|2 ddc
|4 0
|6 621_382000000000000_PRY_1995
|7 0
|9 11020
|a BRACUL
|b BRACUL
|c GEN
|d 2010-06-15
|l 0
|o 621.382 PRY
|p 3010018209
|r 2010-06-15
|t 2
|w 2010-06-15
|y BK
|